| 000 | 0117700m0a22002530004500 | ||
|---|---|---|---|
| 003 | EG-GiCUC | ||
| 008 | 081106s1982 sy b g 001 0 ara d | ||
| 040 |
_aEG-GiCUC _bara _cEG-GiCUC |
||
| 043 |
_a*qa*** _aar*****a |
||
| 092 | 0 | 4 |
_a636.084309536 _bS5626 _221 |
| 099 |
_a04 _a636.084309536 S5626 |
||
| 100 | 1 | _aالشوربجى : مصطفى احمد | |
| 245 | 1 | 2 |
_aالحصر الاولى للموارد الرعوية الطبيعية فى دول الخليج والجزيرة العربية. _n3دولة قطر/ _cمصطفى احمد الشوربجى |
| 260 |
_aدمشق: _bالمركز العربى لدراسات المناطق الجافة والاراضى القاحلة:ادراة الدراسات النباتية:قسم دراسات المراعى: _c1982 |
||
| 300 |
_a102:39ص: _bخرائط؛ _c29سم |
||
| 500 | _aيشتمل على كشاف | ||
| 650 | 7 |
_aالمراعى _zشبه الجزيرة العربية _2qrmak |
|
| 650 | 7 |
_aالمراعى _zقطر _2qrmak |
|
| 902 | _a1 | ||
| 905 |
_aجيهان _eمراجع |
||
| 905 |
_aمنى _eمدخل |
||
| 942 |
_2ddc _cBK |
||
| 999 |
_c110982 _d110982 |
||